Engineering mechanics
Guardat en:
| Autor principal: | |
|---|---|
| Format: | Llibre |
| Idioma: | anglès |
| Publicat: |
Reading
Addison-Wesley
1967
|
| Matèries: | |
| Etiquetes: |
Afegir etiqueta
Sense etiquetes, Sigues el primer a etiquetar aquest registre!
|
MARC
| LEADER | 00000nam a2200000 a 4500 | ||
|---|---|---|---|
| 001 | UCP0549 | ||
| 003 | CL-VaPUC | ||
| 008 | 990313e19670000US |||||||||||||||||eng|d | ||
| 082 | 0 | 4 | |a 620.1 |b HUA |2 21 |
| 100 | |a Huang, Tzu Chuen |e author |9 536436 | ||
| 245 | 1 | 0 | |a Engineering mechanics |
| 300 | |a 2 v | ||
| 942 | |c BK | ||
| 945 | |d 19990313 00:00:00 |a lriquelm | ||
| 260 | |a Reading |b Addison-Wesley |c 1967 | ||
| 500 | |a v.1: Statics | ||
| 650 | 0 | |a Mecánica aplicada |9 260187 | |
| 650 | 0 | |a Estática |9 260452 | |
| 650 | 0 | |a Vectores |9 317184 | |
| 650 | 7 | |a FUERZAS |2 CL-VaPUC |9 360776 | |
| 650 | 0 | |a Equilibrio |9 362780 | |
| 583 | |a last modification |c 19990313 00:00:00 |k Rodrigo Vera | ||
| 999 | |c 279315 |d 279313 | ||
| 952 | |0 0 |1 0 |4 0 |6 620_100000000000000_HUA_1967 |7 0 |8 P |9 318367 |a BIBMEC |b BIBMEC |d 2019-11-20 |h v.1 |i 1326643 |o 620.1 HUA 1967 |p 1326643 |r 2019-11-20 |w 2019-11-20 |y BK |k MEC | ||